| 000 | 01371nam a2200265Ia 4500 | ||
|---|---|---|---|
| 003 | OSt | ||
| 005 | 20220930094727.0 | ||
| 006 | a|||||r|||| 00| 0 | ||
| 007 | ta | ||
| 008 | 220926b |||||||| |||| 00| 0 hin d | ||
| 024 | _a3592 | ||
| 037 | _cTheses | ||
| 040 |
_aCRL _cCRL _bhin |
||
| 041 |
_2hin _ahin |
||
| 100 | _aमिश्र, दीनानाथ | ||
| 110 | _aदिल्ली विश्वविद्यालय. संकाय कला. हिन्दी विभाग | ||
| 245 | 0 | _aमानव व्यक्तित्व के सम्पूर्ण विकास में संगीत की भूमिका (वर्तमान सामाजिक परिप्रेक्ष्य में) - एक विश्लेषणात्मक अध्ययन | |
| 246 | _aMānav vyaktitva ke sampūrṇa vikās mean sangīt kī bhūmikā (vartamān sāmājik pariprekṣhya mean) - ek vishleṣhaṇātmak adhyayana | ||
| 260 | _c2010 | ||
| 650 | _aहिन्दी साहित्य | ||
| 700 | _a गर्ग, उमा, गा. | ||
| 700 | _aदिल्ली विश्वविद्यालय. संकाय कला. हिन्दी विभाग | ||
| 942 |
_cDIS _2CC |
||
| 999 |
_c887568 _d887568 |
||